[Event "Krakow Malopolski Cup"]
[Site "Krakow"]
[Date "2022.08.08"]
[Round "8"]
[White "Derybas, Igor"]
[Black "Wasiluk, Dominik"]
[Result "1-0"]
[WhiteElo "1456"]
[BlackElo "1341"]
[PlyCount "61"]
[EventDate "2022.08.04"]
[EventType "swiss"]
[EventRounds "9"]
[EventCountry "POL"]
[SourceTitle "CBM 209 Extra"]
[Source "ChessBase"]
[SourceDate "2022.09.30"]
[SourceVersion "1"]
[SourceVersionDate "2022.09.30"]
[SourceQuality "1"]

1. e4 c5 2. c3 Nc6 3. d4 cxd4 4. cxd4 e6 5. Nf3 Nf6 6. Bd3 Bb4+ 7. Nc3 0-0 8. 0-0 b6 9. a3 Be7 10. e5 Ne8 11. d5 exd5 12. Nxd5 d6 13. Nxe7+ Qxe7 14. exd6 Qxd6 15. Re1 Qc7 16. b4 Bg4 17. Bxh7+ Kh8 18. Be4 Rd8 19. Qc2 f5 20. Bxc6 Bxf3 21. gxf3 Rc8 22. b5 Rf6 23. Bg5 Rf7 24. Qa4 Nf6 25. Qh4+ Kg8 26. Bxf6 gxf6 27. Bd5 Kg7 28. Bxf7 Qxf7 29. Rac1 Rg8 30. Kh1 Qb7 31. Rc6 1-0

[Event "Krakow Malopolski Cup"]
[Site "Krakow"]
[Date "2022.08.08"]
[Round "7"]
[White "Derybas, Igor"]
[Black "Zieba, Hubert"]
[Result "1-0"]
[WhiteElo "1456"]
[BlackElo "1469"]
[PlyCount "67"]
[EventDate "2022.08.04"]
[EventType "swiss"]
[EventRounds "9"]
[EventCountry "POL"]
[SourceTitle "CBM 209 Extra"]
[Source "ChessBase"]
[SourceDate "2022.09.30"]
[SourceVersion "1"]
[SourceVersionDate "2022.09.30"]
[SourceQuality "1"]

1. g3 d5 2. Bg2 e5 3. d3 Nc6 4. e3 f5 5. Nd2 Nf6 6. Ne2 Bd6 7. b3 e4 8. Bb2 Ne5 9. d4 Ned7 10. c4 c6 11. a3 0-0 12. b4 Qe8 13. Qb3 Kh8 14. Nc3 Qf7 15. a4 a6 16. Bf1 g5 17. Be2 Nb8 18. cxd5 cxd5 19. h4 f4 20. hxg5 fxe3 21. gxf6 exd2+ 22. Kxd2 Be6 23. Rh5 Nc6 24. Nxe4 dxe4 25. d5 Bd7 26. Rah1 Ne5 27. Rxe5 Bxe5 28. Bxe5 e3+ 29. fxe3 Bxa4 30. Qd3 Kg8 31. Bh5 Qd7 32. Bg4 Qf7 33. Be6 Qxe6 34. Qxh7# 1-0

[Event "Krakow Malopolski Cup"]
[Site "Krakow"]
[Date "2022.08.05"]
[Round "4"]
[White "Derybas, Igor"]
[Black "Lis, Maksymilian"]
[Result "1/2-1/2"]
[WhiteElo "1456"]
[BlackElo "1665"]
[PlyCount "102"]
[EventDate "2022.08.04"]
[EventType "swiss"]
[EventRounds "9"]
[EventCountry "POL"]
[SourceTitle "CBM 209 Extra"]
[Source "ChessBase"]
[SourceDate "2022.09.30"]
[SourceVersion "1"]
[SourceVersionDate "2022.09.30"]
[SourceQuality "1"]

1. g3 d5 2. Bg2 e5 3. d3 Nc6 4. Nd2 f5 5. e3 Nf6 6. Ne2 Bd6 7. b3 0-0 8. Bb2 e4 9. d4 b6 10. a3 Ne7 11. c4 c6 12. b4 Bb8 13. Qb3 Kh8 14. a4 a6 15. c5 bxc5 16. dxc5 Ng6 17. Nd4 Ne5 18. Bf1 Bd7 19. Be2 h6 20. 0-0 Qe8 21. b5 axb5 22. axb5 Rxa1 23. Rxa1 cxb5 24. Nxb5 Nc6 25. Ra8 Qf7 26. Nd4 Bd6 27. Qb7 Nxd4 28. Bxd4 Rxa8 29. Qxa8+ Qf8 30. Qa6 Bxc5 31. Bxf6 Qxf6 32. Qa8+ Kh7 33. Qxd5 Qd6 34. Bc4 Qxd5 35. Bxd5 g5 36. g4 Bb4 37. Nc4 Kg7 38. Nb6 Bb5 39. gxf5 Bc5 40. Na8 Bd3 41. Nc7 Kf6 42. Be6 Be2 43. Nd5+ Ke5 44. Kg2 Bg4 45. Kg3 Bxf5 46. Bxf5 Kxf5 47. Nc3 Bd6+ 48. Kg2 g4 49. h3 h5 50. hxg4+ hxg4 51. Kf1 g3 1/2-1/2